Puntos crt̕icos en el tratamiento jurisprudencial e inspector de la descentralizacin̤ empresarial

Bibliographic Details
Main Author: Esteve-Segarra, Amparo
Format: eBook
Language:Spanish
Published: Albacete: Editorial Bomarzo, 2019
Subjects:
Online Access:Acceso restringido

MARC

LEADER 00000nam a22000007a 4500
005 20200601153644.0
007 cr|||| ||||
008 200601s2019 es |||||s|||| 00||0 spa d
020 |a 978-84-17310-88-2 
035 |a 31042 
040 |a vLex 
090 |c 10477  |d 10477 
100 1 |a Esteve-Segarra, Amparo 
245 1 0 |a Puntos crt̕icos en el tratamiento jurisprudencial e inspector de la descentralizacin̤ empresarial  |h [Recurso electrn̤ico] /  |c Amparo Esteve-Segarra 
256 |a Servicio en ln̕ea 
260 |a Albacete:  |b Editorial Bomarzo,  |c 2019 
300 |a 1 recurso electrn̤ico 
506 1 |a Disponible solo en los productos indicados  |d vLex Global  |d vLex Global (Academic Edition, excluding Law Schools)  |d vLex Global (U.S. Academic Edition, Law Schools)  |d vLex Global (U.S. Academic Edition, excluding Law Schools)  |d vLex Global (Academic Edition, Law Schools) 
650 0 4 |a Derecho Laboral y Seguridad Social  |z Espaą 
740 0 |a vLex Libros (Servicio en ln̕ea) 
856 4 0 |u http://vlex.com/source/puntos-criticos-tratamiento-jurisprudencial-inspector-descentralizacion-empresarial-contratacion-laboral-empresas-multiservicios-31042  |z Acceso restringido 
942 |c BOOK 
999 0 |a Labor law and social security